000 01282nam a22003017a 4500
005 20180803170200.0
008 150928b2014 ck |||||r|||| 00| 0 spa d
020 _a9786124695216
040 _aCO-BoIAVH
_cCO-BoIAVH
041 0 _aspa
044 _ape
082 0 4 _a333.75
_bU84c9
100 1 _aMontoya Zumaeta, Javier Gustavo
245 1 _aDeterminantes de las decisiones sobre el uso del suelo de hogares ribereños de la Amazonía baja peruana /
_cJavier Gustavo Montoya Zumaeta, Eduardo Jesús Rojas Baez y Lech Julio Gutiérrez Díaz
260 _aLima (Perú):
_bUSAID:
_bICAA,
_c2015.
300 _a89 páginas :
_btablas ;
_c25 cm.
490 _aConservación estratégica. Serie técnica
_v34
500 _aPrograma de investigaciones económicas aplicadas para la conservación en la Amazonía Andina.
504 _aIncluye referencias bibliográficas (páginas 57-64).
520 _aIncluye resúmenes en inglés y español.
650 6 _aUso del suelo
_xEconomía
650 6 _aUso del suelo
_xEstadísticas
650 6 _aConservación de bosques
651 4 _aAmazonía baja (Región, Perú)
700 1 _aRojas Baez, Eduardo Jesús
700 1 _aGutiérrez Díaz, Lech Julio
942 _2ddc
_cLIBRO
999 _c17818
_d17818